Satunnaisia Aasian valtioita pääkaupunkien mukaan - Statistics

Yleistilastot
  • Tätä visaa on pelattu 489 kertaa
  • Keskiarvotulos 8 / 10
Vastaustilastot
Pääkaupunki Valtio % Oikein
Ankara Turkki
100%
Soul Etelä-Korea
97%
New Delhi Intia
97%
Jerusalem Israel
97%
Peking Kiina
96%
Kuwait Kuwait
96%
Tokio Japani
95%
Singapore Singapore
95%
Jakarta Indonesia
94%
Bangkok Thaimaa
94%
Teheran Iran
90%
Hanoi Vietnam
89%
Taipei Taiwan
87%
Nikosia Kypros
84%
Bagdad Irak
83%
Pjongjang Pohjois-Korea
83%
Abu Dhabi Yhdistyneet arabiemiraatit
83%
Ulaanbaatar Mongolia
82%
Kathmandu Nepal
82%
Manila Filippiinit
81%
Islamabad Pakistan
79%
Kabul Afganistan
78%
Beirut Libanon
78%
Kuala Lumpur Malesia
78%
Doha Qatar
78%
Jerevan Armenia
77%
Riad Saudi-Arabia
77%
Damaskos Syyria
77%
Baku Azerbaidžan
73%
Astana Kazakstan
72%
Malé Malediivit
71%
Vientiane Laos
69%
Thimphu Bhutan
66%
Amman Jordania
66%
Dhaka Bangladesh
65%
Sanaa Jemen
65%
Tbilisi Georgia
63%
Phnom Penh Kambodža
60%
Biškek Kirgisia
59%
Naypyidaw Myanmar
59%
Dušanbe Tadžikistan
59%
Ašgabat Turkmenistan
56%
Bandar Seri Begawan Brunei
54%
Manama Bahrain
52%
Dili Itä-Timor
52%
Kotte Sri Lanka
51%
Masqat Oman
49%
Taškent Uzbekistan
49%
Ehtoja vastaavia visoja ei löytynyt
Tulosjakauma
Jokaisen tuloksen saaneiden osuus
Persentiili vastausten määrän mukaan
Tuloshistoriasi
Et ole pelannut tätä visaa